书目信息 |
| 题名: |
云五社会科学大辞典
|
|
| 作者: | 王云五 主编 ;张彝鼎 主编 | |
| 分册: | 第四册 国际关系 | |
| 出版信息: | 台北 台湾商务印书馆 1986.01 |
|
| 页数: | 370,18页 | |
| 开本: | 26cm | |
| 丛书名: | ||
| 单 册: | ||
| 中图分类: | C61 | |
| 科图分类: | ||
| 主题词: | 社会科学--名词术语 , 社会科学--词典 , 社会科学--百科全书 | |
| 电子资源: | ||
| ISBN: | ||
| 000 | 00761nam0 2200253 45 | |
| 001 | 0501050841 | |
| 005 | 20050426142918.8 | |
| 010 | @dCNY10.00@b精装 | |
| 100 | @a20050105d1986 km y0chiy0120 ea | |
| 101 | 0 | @achi |
| 105 | @a z 000yy | |
| 200 | 1 | @a云五社会科学大辞典@AYun Wu She Hui Ke Xue Da Ci Dian@h第四册@i国际关系@f王云五主编@FWang Yun Wu Zhu Bian@g张彝鼎主编 |
| 205 | @a增订2版 | |
| 210 | @a台北@c台湾商务印书馆@d1986.01 | |
| 215 | @a370,18页@d26cm | |
| 517 | @a国际关系@AGuo Ji Guan Xi | |
| 606 | 0 | @a社会科学@x名词术语 |
| 606 | 0 | @a社会科学@x词典 |
| 606 | 0 | @a社会科学@x百科全书 |
| 690 | @aC61@v3 | |
| 701 | 0 | @a王云五@4主编 |
| 702 | 0 | @a张彝鼎@AZhang Yi Ding@4主编 |
| 801 | @aCN@bPftUser@c20050105 | |
| 905 | @dC61@e17:4=2@b261518@f1 | |
| 云五社会科学大辞典.第四册.国际关系/王云五主编/张彝鼎主编.-增订2版.-台北:台湾商务印书馆,1986.01 |
| 370,18页;26cm |
| ISBN (精装):CNY10.00 |
| ● |
| 相关链接 |
|
|
|
|
正题名:云五社会科学大辞典
索取号:C61/17:4=2
 
预约/预借
| 序号 | 登录号 | 条形码 | 馆藏地/架位号 | 状态 | 备注 |
| 1 | 0261518 | 001572827 | 工具书阅览室/ [索取号:C61/17:4=2] | 在馆 | |
| 2 | 0261519 | 001572836 | 不可借-四借/ [索取号:C61/17:4=2] | 在馆 |